Southville International School and Colleges
Your cart is empty.
  • Cart
  • Lists
    Public lists Eva Luna New books Lux_list list_1
    Your lists Log in to create your own lists
  • Log in to your account
  • Your cookies
  • Search history
Southville International School and Colleges
  • Advanced search
  • Recent comments
  • Most popular
  • Libraries

Log in to your account

Log in with GOOGLE


If you do not have an external account, but do have a local account, you can still log in:

  1. Home
  2. MARC view: The career navigation handbook /
Normal view MARC view ISBD view

The career navigation handbook / (Record no. 283293)

[ view plain ]
MARC details
000 -LEADER
fixed length control field 00623nam a2200181Ia 4500
008 - FIXED-LENGTH DATA ELEMENTS--GENERAL INFORMATION
fixed length control field 150223s9999 xx 000 0 und d
020 ## - INTERNATIONAL STANDARD BOOK NUMBER
International Standard Book Number 0471648507
050 ## - LIBRARY OF CONGRESS CALL NUMBER
Classification number HF 5381
Item number .C26597 2004
100 ## - MAIN ENTRY--PERSONAL NAME
Personal name Hunt, Christopher.
245 #4 - TITLE STATEMENT
Title The career navigation handbook /
Statement of responsibility, etc Christopher Hunt.
260 ## - PUBLICATION, DISTRIBUTION, ETC. (IMPRINT)
Place of publication, distribution, etc New Jersey :
Name of publisher, distributor, etc John Wiley & Sons, Inc.,
Date of publication, distribution, etc 2004
300 ## - PHYSICAL DESCRIPTION
Extent 210 pages :
Dimensions 23 cm.
504 ## - BIBLIOGRAPHY, ETC. NOTE
Bibliography, etc Includes Index.
650 ## - SUBJECT ADDED ENTRY--TOPICAL TERM
Topical term or geographic name as entry element Career development
General subdivision handbooks, manuals
650 ## - SUBJECT ADDED ENTRY--TOPICAL TERM
Topical term or geographic name as entry element Executives
General subdivision Recruting - handbooks.
650 ## - SUBJECT ADDED ENTRY--TOPICAL TERM
Topical term or geographic name as entry element Job hunting
Topical term following geographic name as entry element Handbooks, manuals etc.
650 ## - SUBJECT ADDED ENTRY--TOPICAL TERM
Topical term or geographic name as entry element Vocational guidance
Topical term following geographic name as entry element hadnbooks, manuals.

No items available.

The career navigation handbook /

APA

Hunt C., . (2004). The career navigation handbook. New Jersey: John Wiley & Sons, Inc.

Chicago

Hunt Christopher, . 2004. The career navigation handbook. New Jersey: John Wiley & Sons, Inc.

Harvard

Hunt C., . (2004). The career navigation handbook. New Jersey: John Wiley & Sons, Inc.

MLA

Hunt Christopher, . The career navigation handbook. New Jersey: John Wiley & Sons, Inc. 2004.

  • Print
  • Cite
  • Add to your cart (remove)
  • Save record
    BIBTEX Dublin Core MARCXML MARC (non-Unicode/MARC-8) MARC (Unicode/UTF-8) MARC (Unicode/UTF-8, Standard) MODS (XML) RIS
  • More searches
    Search for this title in:
    Other Libraries (WorldCat) Other Databases (Google Scholar) Online Stores (Bookfinder.com) Open Library (openlibrary.org)

Exporting to Dublin Core...

SOUTHVILLE LIBRARY

Southville International School and Colleges Library

1281 Tropical Ave. Cor. Luxembourg St., BF Homes International, Las Pinas City

Tel. No. 8256374 / 252358 Loc. 117/146

Powered by Koha